00436nam a2200181Ia 4500003000900000008004100009040001300050040001300063041000800076100001800084245009300102250001200195260001200207260000900219300001000228300001000238490000600248IT-RoPAU120407s9999 xx 000 0 und d aIT-RoPAU cIT-RoPAU aita aPierre Benoit aRivelazione e ispirazione, secondo la Bibbia, in san Tommaso e nelle discussioni moderne aBrescia aPaideia c1965 a96 p. c18 cm v1